España hoy / (Record no. 105487)

MARC details
000 -LEADER
campo de control de longitud fija 01219nam a2200301 i 4500
001 - NÚMERO DE CONTROL
campo de control 105487
003 - IDENTIFICADOR DE NÚMERO DE CONTROL
campo de control ES-MaACL
005 - FECHA Y HORA DE LA ÚLTIMA TRANSACCIÓN
campo de control 20240118221948.0
007 - CAMPO FIJO DE DESCRIPCIÓN FÍSICA--INFORMACIÓN GENERAL
campo de control de longitud fija t|
008 - DATOS DE LONGITUD FIJA--INFORMACIÓN GENERAL
campo de control de longitud fija 060719s1963 fr a |||| | spa d
080 ## - NÚMERO DE LA CLASIFICACIÓN DECIMAL UNIVERSAL
Número de la Clasificación Decimal Universal 338(46)"1961/..."
080 ## - NÚMERO DE LA CLASIFICACIÓN DECIMAL UNIVERSAL
Número de la Clasificación Decimal Universal 308(46)"1961/..."
245 00 - MENCIÓN DEL TÍTULO
Título España hoy /
Mención de responsabilidad, etc. presentación y montaje de Ignacio Fernández de Castro, José Martínez ; con la colaboración de Jordi Blanc, Héctor Cattolica, Antonio Pérez ; cubierta de Antonio Saura.
260 ## - PUBLICACIÓN, DISTRIBUCIÓN, ETC.
Lugar de publicación, distribución, etc. [Paris] :
Nombre del editor, distribuidor, etc. Ruedo Ibérico,
Fecha de publicación, distribución, etc. [1963] (
Lugar de fabricación/manufactura Torino :
Fabricante Tip. Toso)
300 ## - DESCRIPCIÓN FÍSICA
Extensión VIII, 499 p., lám. :
Otras características físicas il. ;
Dimensiones 22 cm.
651 #4 - PUNTO DE ACCESO ADICIONAL DE MATERIA--NOMBRE GEOGRÁFICO
Nombre geográfico España-
Subdivisión general Historia-
Subdivisión cronológica 1939-1975, Dictadura.
9 (RLIN) 167928
651 #4 - PUNTO DE ACCESO ADICIONAL DE MATERIA--NOMBRE GEOGRÁFICO
Nombre geográfico España-
Subdivisión general Situación económica-
Subdivisión cronológica 1955-1975.
9 (RLIN) 171815
651 #4 - PUNTO DE ACCESO ADICIONAL DE MATERIA--NOMBRE GEOGRÁFICO
Nombre geográfico España-
Subdivisión general Situación social-
Subdivisión cronológica 1955-1975.
9 (RLIN) 172436
700 1# - ENTRADA AGREGADA--NOMBRE PERSONAL
Nombre de persona Fernández de Castro, Ignacio.
9 (RLIN) 49639
700 1# - ENTRADA AGREGADA--NOMBRE PERSONAL
Nombre de persona Martínez, José,
Fechas asociadas al nombre 1921-1986
9 (RLIN) 77761
700 1# - ENTRADA AGREGADA--NOMBRE PERSONAL
Nombre de persona Blanc, Jordi.
9 (RLIN) 29110
700 1# - ENTRADA AGREGADA--NOMBRE PERSONAL
Nombre de persona Cattolica, Héctor.
9 (RLIN) 37088
700 1# - ENTRADA AGREGADA--NOMBRE PERSONAL
Nombre de persona Pérez, Antonio.
9 (RLIN) 90556
700 1# - ENTRADA AGREGADA--NOMBRE PERSONAL
Nombre de persona Saura, Antonio.
9 (RLIN) 103994
710 2# - ENTRADA AGREGADA--NOMBRE DE ENTIDAD CORPORATIVA
Nombre de entidad corporativa o nombre de jurisdicción como elemento de entrada Éditions Ruedo ibérico.
9 (RLIN) 145333
852 ## - LOCALIZACIÓN
Ubicación ES-MaACL
Número de control de estantería AND-282
Nota libre - Biblioteca Juan Andrade
Holdings
Estatus retirado Estado de pérdida Estado de daño No para préstamo Biblioteca de origen Biblioteca actual Ubicación en estantería Fecha de adquisición Fuente de adquisición Total de préstamos Signatura topográfica completa Código de barras Visto por última vez Precio de reemplazo Tipo de ítem Koha
        Biblioteca del Ateneo de Madrid Biblioteca del Ateneo de Madrid Depósito 2 17/01/2008     AND-282 1110134 23/02/2023 23/02/2023 Libro impreso